| 000 | 00906nam a22002057a 4500 | ||
|---|---|---|---|
| 003 | JO-AjAnu | ||
| 005 | 20240327112754.0 | ||
| 008 | 240327b jo ||||| |||| 00| 0 ara d | ||
| 020 | _a9789957190859 | ||
| 040 |
_aJO-AjAnu _bara _cJO-AjAnu |
||
| 041 | 0 | _aara | |
| 100 | 1 |
_aمؤسسة عبدالحميد شومان _eمعد _965168 |
|
| 245 | 1 | 0 |
_aإغواءات خشبة الحرية : ملتقى النص المسرحي الاردني الاول (دورة جمال ابو حمدان) / _cاعداد مؤسسة عبد الحميد شومان ؛ تقديم صبحة علقم |
| 250 | _aالطبعة الاولى | ||
| 260 |
_aعمان : _bمؤسسة عبدالحميد شومان، _c2023 |
||
| 300 | _a175 صفحة | ||
| 650 | 7 | 0 |
_aالعروض المسرحية - النقد - الدراسات الفنية - الاردن _965169 |
| 700 | 1 |
_aعلقم، صبحة _eمقدم _965170 |
|
| 942 |
_2lcc _cBK _n0 |
||
| 999 |
_c33367 _d33367 |
||